Normal view
MARC view
- Mietzner, Timothy A.,
Entry Personal Name
001 - CONTROL NUMBER
- control field: 6709
003 - CONTROL NUMBER IDENTIFIER
- control field: URS
005 - DATE AND TIME OF LATEST TRANSACTION
- control field: 20260314162159.0
008 - FIXED-LENGTH DATA ELEMENTS
- fixed length control field: 260314|| aca||aabn | a|a d
040 ## - CATALOGING SOURCE
- Original cataloging agency: URS
100 ## - HEADING--PERSONAL NAME
- Personal name: Mietzner, Timothy A.,
- Relator term: author.